Vista normal
Vista MARC
Entrada Personal Name
Número de registros utilizados en: 3
001 - CONTROL NUMBER
- control field: 25382
003 - CONTROL NUMBER IDENTIFIER
- control field: OSt
005 - DATE AND TIME OF LATEST TRANSACTION
- control field: 20210310223720.0
008 - FIXED-LENGTH DATA ELEMENTS
- fixed length control field: 210310|| aca||aabn | a|a d
040 ## - CATALOGING SOURCE
- Original cataloging agency: OSt
- Transcribing agency: OSt
100 ## - HEADING--PERSONAL NAME
- Personal name: centro de responsabilidad de la empresa en la sociedad
670 ## - SOURCE DATA FOUND
- Source citation: Work cat.: (OSt): centro de responsabilidad de la empresa en la sociedad, Empresa ciudadana como integrar la responsabilidad social a la estrategia de la empresa, 2006